Catálogo

SOCIOLOGIA DE LA EDUCACION : (Registro nro. 46899)

Detalles MARC
000 -LEADER
fixed length control field 01025nam a2200193 a 4500
001 - CONTROL NUMBER
control field 46899
005 - DATE AND TIME OF LATEST TRANSACTION
control field 20180714030639.0
008 - FIXED-LENGTH DATA ELEMENTS--GENERAL INFORMATION
fixed length control field 140415s1998 sp 000 0 spa d
020 ## - INTERNATIONAL STANDARD BOOK NUMBER
International Standard Book Number 8449305993
041 ## - LANGUAGE CODE
Language code of text/sound track or separate title spa
082 ## - DEWEY DECIMAL CLASSIFICATION NUMBER
Classification number 370.19
Item number BON
100 1# - MAIN ENTRY--PERSONAL NAME
Personal name BONAL, XAVIER
245 10 - TITLE STATEMENT
Title SOCIOLOGIA DE LA EDUCACION :
Remainder of title UNA APROXIMACION CRITICA A LAS CORRIENTES CONTEMPORANEAS.
250 ## - EDITION STATEMENT
Edition statement 1a ed.
260 ## - PUBLICATION, DISTRIBUTION, ETC.
Place of publication, distribution, etc. ESPAÑA :
Name of publisher, distributor, etc. PAIDOS IBERICA,
Date of publication, distribution, etc. 1998.
300 ## - PHYSICAL DESCRIPTION
Extent 127 ;
Dimensions 22.2 x 13.6 x 1.3.
520 ## - SUMMARY, ETC.
Summary, etc. ESTA OBRA ANALIZA CRÍTICAMENTE TANTO EL CONTENIDO DE LAS PRUNCIPALES TEORÍAS SOCIOLÓGICAS DE LA EDUCACIÓN COMO LOS PROCESOS Y FACTORES SOCIALES Y POLÍTICOS QUE EXPLICAN SU SURGIMIENTO Y POSTERIOR CRISIS. EL ANÁLISIS CRONOLÓGICO PARTE DE LOS AÑOS DE INSTITUCIONALIZACIÓN DE LA SOCIOLOGÍA FUNCIONALISTA DE LA EDUCACIÓN, EN LA DÉCADA DE LOS CINCUENTA, Y NOS APROXIMA PASO A PASO A LA APARICIÓN DE LAS NUEVAS CORRIENTES Y EXPLICACIONES HASTA LA ACTUALIDAD.
650 14 - SUBJECT ADDED ENTRY--TOPICAL TERM
Topical term or geographic name entry element SOCIOLOGIA DE LA EDUCACION
Existencias
Withdrawn status Lost status Source of classification or shelving scheme Damaged status Not for loan Collection code Home library Current library Shelving location Date acquired Source of acquisition Inventory number Total Checkouts Full call number Barcode Date last seen Date last checked out Price effective from Koha item type
    Dewey Decimal Classification     General Biblioteca Karol Wojtyla Biblioteca Karol Wojtyla Sala general 03/12/2013 Compra 151000000000000000042760   370.19 BON 70321 05/01/2026 01/06/2015 16/02/2016 Libro